000 00722nam a2200277Ia 4500
008 170711s9999 xx 000 0 und d
020 _a9780230338999
050 _a346.01
050 _bN436 2012
100 _aNemzoff, Ruth
245 _aDon't roll your eyes :
245 _bmaking in-laws into family /
245 _cby Ruth Nemzoff.
260 _aNew York :
260 _bMacmillan,
260 _c2012
300 _axii, 244 pages :
300 _billustrations ;
300 _c21cm.
500 _aIncludes appendix, bibliographic reference and index.
650 _aFamilies.
650 _aMarried people --
650 _aParents-in-law.
650 _xFamily relationships.
700 _aTitle.
999 _c339732
_d339732